000
00258nam a2200109Ia 4500
008
220204s9999 xx 000 0 und d
082
_a
547.915.5
_b
TOP.1
245
0
_a
Topics in lipid chemistry
260
_a
London
_b
Logos
_c
1970
700
_a
F D
942
_c
BK
999
_c
36064
_d
36064